Представление документа в формате MARC21

Поле Инд. ПП Название Значение
Тип записи a
Библиографический уровень b
001 Контрольный номер 9c13c30cf70249ff98e4d782bbae68f3
005 Дата корректировки 20211123105305.4
024 80 a Стандартный номер DOI: 10.1134/S2079562920010078
040 a Служба первич. каталог. РИНЦ
041 0_ a Код языка текста rus
097 a Костяева О.Г.
100 1_ a Автор Кузьмичев Л. А.
100 1_ a Автор Астапов И.
100 1_ a Автор Безъязыков П.
100 1_ a Автор Гребенюк В.
c Титул (звания) кандидат технических наук; доцент (должность)
g Прочие сведения РИНЦ AuthorID: 29718 (https://elibrary.ru/author_profile.asp?id=29718); Scopus Author ID: 7005773032 (https://www.scopus.com/authid/detail.uri?authorId=7005773032)
i 000089026
j Принадлежность неизвестного автора к последователям, ученикам, сторонникам, школе и т. д. государственный университет "Дубна"
k Не входит в список сотрудников
u Дополнение Гребенюк В. М.
q Полное имя Гребенюк Виктор Матвеевич
100 1_ a Автор Гринюк А.
100 1_ a Автор Кравченко Е.
j Принадлежность неизвестного автора к последователям, ученикам, сторонникам, школе и т. д. государственный университет "Дубна"
100 1_ q Полное имя Сагань Ярослав Игоревич
a Автор Сагань Я.
i 100089266
k Кафедра ядерной физики; Инженерно-физический институт
j Принадлежность неизвестного автора к последователям, ученикам, сторонникам, школе и т. д. государственный университет "Дубна"
100 1_ a Автор Ткачев Л.
c Титул (звания) старший научный сотрудник; кандидат физико-математических наук; доцент (должность)
g Прочие сведения РИНЦ AuthorID: 34976 (http://elibrary.ru/author_profile.asp?id= 34976); Scopus Author ID: 8333006800 (https://www.scopus.com/authid/detail.uri?authorId=8333006800)
i 000091260
k Кафедра ядерной физики; Инженерно-физический институт
q Полное имя Ткачев Леонид Григорьевич
u Дополнение Ткачев Л. Г.; Tkachev Leonid G.
j Принадлежность неизвестного автора к последователям, ученикам, сторонникам, школе и т. д. государственный университет "Дубна"
245 10 a Заглавие Экспериментальный комплекс TAIGA
773 18 t Название источника Ядерная физика и инжиниринг
b Сведения об издании Международная академическая издательская компания "Наука/Интерпериодика"
c Москва
d Место и дата издания 2020
m Специф. данные входит в ядро РИНЦ; журнал из перечня ВАК; ненулевой импакт-фактор
o Прочие индексы РИНЦ 0.144
x ISSN 2079-5629; 2079-5637 (онлайн версия)
q -
g Прочая информация V. 11. - № 2. - P. 105 - 113
w Контрольный № источника b72d712f9a574241ab3f6302b4ed632e
856 40 u URL https://www.elibrary.ru/item.asp?id=46958797
901 t Тип документа b
952 c Вид литературы статья в журнале